Biggest Country by Continent by Population - Statistics

General Stats
  • This quiz has been taken 137 times
  • The average score is 6 of 6
Answer Stats
Continent Answer % Correct
Asia China
100%
Oceania Australia
98%
South America Brazil
98%
North America USA
98%
Europe Germany
94%
Africa Nigeria
90%
No matching quizzes found
Score Distribution
Percent of People with Each Score
Percentile by Number Answered
Your Score History
You have not taken this quiz